000 00559nam a22001817a 4500
005 20251108164254.0
008 250721s1992 xx 000 0 ara d
082 1 4 _a329.9565/رنا
100 1 _aعياد، رناد الخطيب
245 1 0 _aالتيارات السياسية في الأردن و نص قانون الأحزاب /
264 1 _aعمان :
_bالمؤلفة،
_c1992.
300 _aج2.
650 1 7 _aالأحزاب السياسية
650 1 7 _aالأردن
650 1 7 _aقانون الأحزاب
942 _2ddc
_cBK
999 _c8013
_d8013